| 000 | 00827nam a2200265Ia 4500 | ||
|---|---|---|---|
| 003 | OSt | ||
| 005 | 20221005092949.0 | ||
| 006 | a|||||r|||| 00| 0 | ||
| 007 | ta | ||
| 008 | 221004b |||||||| |||| 00| 0 eng d | ||
| 020 |
_a1593852215 (hbk) _c3810.45 |
||
| 024 | _a86514 | ||
| 037 |
_bVMB:58, 22/10/2007, Vardhman Books _cTextual |
||
| 040 |
_aCRL _cCRL _beng |
||
| 041 |
_2eng _aeng |
||
| 082 | _aZ73,163, P6 | ||
| 100 |
_aMeyert Robert G. _9617952 |
||
| 245 | 0 |
_aLaw and mental _b a case - based approach |
|
| 260 |
_aNew York _bThe Guilford Press India _c2006 |
||
| 300 |
_axv, 394p. _ccm. |
||
| 650 | _aLAW | ||
| 700 |
_a Weaver Christopher M. _9617953 |
||
| 942 |
_hZ73,163, P6 _cTEXL _2cc |
||
| 999 |
_c999608 _d999608 |
||